Şarkı sözleri - Statistics

General Stats
  • This quiz has been taken 62 times
  • The average score is 9 of 15
Answer Stats
İpucu Answer % Correct
E onun _____sı var/Güzel mi güzel/Şoförü de var/Özel mi özel araba
94%
____ ____ gireceğine aramıza/Seni şöyle alalım otur yakınımıza/ kara kedi
89%
Belki biraz da kızardın ama/Sana ______ çok yakışıyor kırmızı
89%
Çiçek gibi tazecik, değerli bi tanecik/Ana yöntemi gibi şehirli/____ ____ dilleri likır lıkır içmeli dudu
76%
Istersen dağlar dağlar/Yerinden oynar oynar/Sabırsız kalbim bir tek/Aşkına _____ isyankar
76%
_______ _______/Buluşmasın bu gözler/Yine erir gideriz/Unutulur yeminler değmesin ellerimiz
74%
Öyle ______ ______ hiç konuşmadan/Nasıl da bağladın beni?/Hani bi' geldin bi' kayboldun/Esrarlı mağrurdun, aklıma sardım seni uzaktan
74%
Gel gel gümüle gel/Gel gel gümüle gel böğrüme/___ ___ _______ dom dom kurşunu
56%
Ah (Doldur sevgilim)/Öyle sev ki beni (Yaramaz kalbimi)/___ diye içeyim mey
56%
Bir, çok sıkıldım/İki, yerim çok dar/Oo, _______ ___ ___/Beni mi buldun şimdi? senden çok var
50%
________ ilk başta/Sandım hep iyi kal'ca'z/Yetmiyo' hiçbi' iltifat/Hissettirmiyo'san zamansızdık
44%
_______ ____ ______/Giden gitsin/Sen şarkılar söyle içinden boşver aldırma deli gönlüm
37%
_______ seni kaybetmiş/İlaçlayıp berbat etmiş/Davul gibi gerilen derini, aman Allah istanbul
33%
Sokaklar şahitsiniz/Pişmanım zehir gibi/Yanıyor yüreğim/_______ tiryakinim
11%
Kimi yok der inanmaz kimi bulur anlamaz/Sevda uzak değil ki sevda başucumuzda/_____ pek yakında ________ sevda sinemelarda
6%
No matching quizzes found
Score Distribution
Percent of People with Each Score
Percentile by Number Answered
Your Score History
You have not taken this quiz